Catálogo
 En Linea

El pasado vuelve : (Registro nro. 34617)

Detalles MARC
000 -CABECERA
campo de control de longitud fija 00486nam a2200157 a 4500
001 - NÚMERO DE CONTROL
campo de control 000035126
005 - FECHA Y HORA DE LA ÚLTIMA TRANSACCIÓN
campo de control 20200930074124.0
008 - DATOS DE LONGITUD FIJA--INFORMACIÓN GENERAL
campo de control de longitud fija 111025s1909 sp 000 0 spa d
040 ## - FUENTE DE LA CATALOGACIÓN
Centro catalogador/agencia de origen DO-SdBNP
Lengua de catalogación spa
Centro/agencia transcriptor BNPHU
082 ## - NÚMERO DE LA CLASIFICACIÓN DECIMAL DEWEY
Número de clasificación xxxx
Número de documento/Ítem Z23p
100 1# - ENTRADA PRINCIPAL--NOMBRE DE PERSONA
Nombre de persona Zamacois, Eduardo
9 (RLIN) 60815
245 13 - MENCIÓN DE TÍTULO
Título El pasado vuelve :
Resto del título comedia en un acto /
Mención de responsabilidad, etc. Eduardo Zamacois.
260 ## - PUBLICACIÓN, DISTRIBUCIÓN, ETC.
Lugar de publicación, distribución, etc. Madrid :
Nombre del editor, distribuidor, etc. R. Velasco,
Fecha de publicación, distribución, etc. 1909.
300 ## - DESCRIPCIÓN FÍSICA
Extensión 26 p. ;
Dimensiones 20 cm.
500 ## - NOTA GENERAL
Nota general Estrenada en el Teatro Romea el 30 de enero de 1909.
Existencias
Estado de retiro Estado de pérdida Restricciones de uso No para préstamo Código de colección Localización permanente Ubicación/localización actual Ubicación en estantería Fecha de adquisición Número de inventario Total de préstamos Signatura topográfica completa Código de barras Fecha visto por última vez Precio válido a partir de Tipo de ítem Koha
      Excluido de préstamo Monografías: Libros y Folletos General General En catalogación 25.10.2011 LF1   xxxx Z23p 35126-10 25.06.2020 25.06.2020 No se presta

Con tecnología Koha